000 00819nam a2200265Ia 4500
001 Para_8418
003 CHAP
008 220125s9999 xx 000 0 und d
010 _a207261
040 _cCHAP
082 _aPA-C 595.752 A6
100 _aBaker, A. C.
_99525
245 _aThe identity of smunthurodes betae west-wood (Hom.) /
_c by a.C. Baker
300 _a2 p.
440 _aAphidae; 14
_9173807
500 _aSobretiro de: Proc. of the Entomological Soc. of Wash. 21 (2): 37-38, 1919. Encuadernado con otros impresos similares
650 _a
_x Afididos
_x Colecciones de escritos
_x Smynthurus
_9173825
901 _aPA-C 595.752 A6
902 _aA
905 _a000000 0000000000 00
910 _a
942 _cPARA
942 _cPARA
_d1
999 _c207261
_d207261